000 00530nam a22001937a 4500
003 KOHA_MİRAKIL
005 20250526152454.0
008 250526b tu ||||| |||| 00| 0 tur d
020 _a9789750850714
040 _aTR-AnABB
_btur
_cTR-AnABB
041 _atur
082 _a838.914
_bBER 2021
100 1 _aBernhard, Thomas,
245 1 0 _aUngenach /
_cThomas Bernhard
260 _aİstanbul :
_bYapı Kredi Yayınları,
_c2021
300 _a69 sayfa ;
_c21 cm
650 0 4 _aAlman edebiyatı, roman
942 _2ddc
_cBK
999 _c8901
_d8901
900 _bGizem YORULMAZ